[Event "SK Nordhorn-Blanke-Weisse Dame Hamburg"]
[Site "?"]
[Date "2020.09.10"]
[Round "1.4"]
[White "Hallfarth, Luise"]
[Black "Yakhnin, Georgy"]
[Result "1-0"]
[WhiteElo "1523"]
[BlackElo "1036"]
[PlyCount "115"]
[EventDate "2020.??.??"]
[WhiteTeam "SK Nordhorn-Blanke"]
[BlackTeam "Weisse Dame Hamburg"]

1. e4 c5 2. Nf3 d6 3. Bc4 Nc6 4. c3 Nf6 5. Ng5 Ne5 6. Bb5+ Bd7 7. Bxd7+ Qxd7 8.
d4 cxd4 9. cxd4 Neg4 10. h3 Nh6 11. O-O g6 12. e5 Nd5 13. Re1 e6 14. Nc3 Nxc3
15. bxc3 Bg7 16. Ba3 dxe5 17. dxe5 Qc7 18. Qa4+ Qd7 19. Qxd7+ Kxd7 20. Rad1+
Ke8 21. Bd6 Nf5 22. Ne4 Nxd6 23. exd6 Kd7 24. c4 Rac8 25. c5 Rc6 26. Rb1 Rb8
27. Rb3 b5 28. Reb1 a6 29. a4 f5 30. axb5 axb5 31. Rxb5 Rxb5 32. Rxb5 fxe4 33.
Rb7+ Kc8 34. Rxg7 Rxc5 35. Rxh7 Rh5 36. Rg7 g5 37. Rg6 e5 38. Re6 g4 39. hxg4
Rg5 40. f3 exf3 41. gxf3 Kd7 42. Rf6 Rg7 43. Kf2 Kc6 44. Ke3 Kd5 45. Rh6 Rb7
46. Kf2 Rf7 47. Kg3 e4 48. fxe4+ Kxe4 49. Kh4 Rg7 50. Kh5 Kf4 51. Rg6 Rh7+ 52.
Rh6 Rg7 53. Rf6+ Kg3 54. g5 Rh7+ 55. Kg6 Rh4 56. Kg7 Kg4 57. g6 Kg5 58. Kf7 1-0